000 00495nam a2200193 a 4500
001 1766046744439
003 YourLibrary
005 20251222113206.0
008 251218s1999##################000#0#eng##
020 _a9780521426169
082 0 4 _a234
_bFOR
100 1 _aFord, David F.,
_eauthor.
245 1 0 _aSelf and Salvation :
260 _bCambridge University Press,
_c1999.
300 _a316 pages
650 0 _aReligion.
942 _cENGLISH
040 _aYourLibrary
_beng
_cYourLibrary
999 _c603981
_d603981